| 000 | 00673nam a2200205 i 4500 | ||
|---|---|---|---|
| 001 | 56142 | ||
| 003 | ES-MaACL | ||
| 005 | 20230906163307.0 | ||
| 007 | t| | ||
| 008 | 191125s1967 sp ||||1| spa d | ||
| 110 | 2 |
_aCáritas Diocesana de Madrid-Alcalá. _9168859 |
|
| 245 | 1 | 0 | _aInforme sociológico sobre la situación social de Madrid. |
| 260 |
_aMadrid : _bCaritas Diocesana de Madrid-Alcalá, etc., _c1967. |
||
| 300 |
_a393 p. : _bmap. ; _c27 cm. |
||
| 490 | 1 |
_aColección Fundación Foessa ; _v3 |
|
| 651 | 4 |
_aMadrid- _xSituación social. _98982 |
|
| 830 | 0 |
_aColección Fundación Foessa ; _v3 _9193406 |
|
| 852 |
_aES-MaACL _jP-1086-3 |
||
| 999 |
_c56142 _d56142 |
||